000 00485ntaaa2200193 4500
003 01
005 20251027202048.0
008 0714s1973 ag 01
040 _aAR-BaBN
_bspa
_cAR-BaBN
_eaacr
_dRIC
082 _a252.0000 B81m
100 _aBrown Jnr., H.C.
_919234
245 _aMessages for men
250 _a1 ed.
260 _aGrand Rapids :
_bZondervan Publishing House,
_c1960
300 _a150 p
500 _aPara laicos y pastores
650 _asermones
_9362
942 _cBK
999 _c15463
_d15463